Moderní metody retail managementu

Historický pohľad na vývoj category managementu. Vývojové etapy marketingového riadenia v oblasti obchodu a výroby. Vývoj kategory managementu a vybraných metód spolupráce. Category management ako konkurencieschopná stratégia. Charakteristika a vymedzenie category managementu. Prínosy a bariéry.

Enregistré dans:
Détails bibliographiques
Auteur principal: Hesková, Marie
Format: Chapitre de livre
Langue:tchèque
Sujets:
Tags: Ajouter un tag
Pas de tags, Soyez le premier à ajouter un tag!

MARC

LEADER 00000naa$a2200000$$$4500
001 0065488
005 20231116104355.3
041 0 |a cze 
044 |a CZ 
245 1 0 |a Moderní metody retail managementu  |c Marie Hesková 
520 |a Historický pohľad na vývoj category managementu. Vývojové etapy marketingového riadenia v oblasti obchodu a výroby. Vývoj kategory managementu a vybraných metód spolupráce. Category management ako konkurencieschopná stratégia. Charakteristika a vymedzenie category managementu. Prínosy a bariéry. 
610 2 0 |a manažment 
610 2 0 |a marketing 
610 2 0 |a obchod 
610 2 0 |a výroba 
610 2 0 |a história 
610 2 0 |a pojmy 
610 2 0 |a stratégia marketingová 
610 2 0 |a konkurencieschopnosť 
100 1 |a Hesková, Marie